[Event "ODJM A 2024"]
[Site "Willingen GER"]
[Date "2024.05.22"]
[Round "6"]
[White "Vollbehr, Bjarne"]
[Black "Köhler, Lukas"]
[Result "1-0"]
[Termination "normal"]
[Board "6"]
[WhiteElo "1927"]
[BlackElo "2039"]
[WhiteClock "00:03:40"]
[BlackClock "00:01:33"]
[PlyCount "133"]
[WhiteFideId "34606025"]
[BlackFideId "16221990"]
[EventCountry "GER"]
[EventRounds "9"]
[EventType "swiss"]
[EventDate "2024.05.18"]

1. d4 {[%clk 01:30:56]} {[%emt 00:00:02]} Nf6 {[%clk 01:30:50]} {[%emt
00:00:11]} 2. c4 {[%clk 01:31:22]} {[%emt 00:00:04]} g6 {[%clk 01:31:13]}
{[%emt 00:00:07]} 3. Nc3 {[%clk 01:31:47]} {[%emt 00:00:04]} Bg7 {[%clk
01:31:38]} {[%emt 00:00:05]} 4. e4 {[%clk 01:32:13]} {[%emt 00:00:04]} d6
{[%clk 01:31:59]} {[%emt 00:00:08]} 5. h3 {[%clk 01:32:38]} {[%emt 00:00:06]}
O-O {[%clk 01:32:24]} {[%emt 00:00:06]} 6. Bg5 {[%clk 01:33:01]} {[%emt
00:00:07]} Nbd7 {[%clk 01:19:42]} {[%emt 00:13:12]} 7. Nf3 {[%clk 01:29:44]}
{[%emt 00:03:46]} a6 {[%clk 01:17:24]} {[%emt 00:02:48]} 8. a4 {[%clk
01:27:26]} {[%emt 00:02:47]} e5 {[%clk 01:14:25]} {[%emt 00:03:30]} 9. d5
{[%clk 01:21:55]} {[%emt 00:06:02]} h6 {[%clk 01:13:21]} {[%emt 00:01:34]} 10.
Be3 {[%clk 01:21:57]} {[%emt 00:00:25]} Nc5 {[%clk 01:07:08]} {[%emt 00:06:45]}
11. Bd3 {[%clk 01:19:51]} {[%emt 00:02:35]} a5 {[%clk 01:04:17]} {[%emt
00:03:22]} 12. Bc2 {[%clk 01:13:48]} {[%emt 00:06:32]} Nh5 {[%clk 00:41:07]}
{[%emt 00:23:41]} 13. Qd2 {[%clk 01:07:27]} {[%emt 00:06:51]} Nf4 {[%clk
00:38:58]} {[%emt 00:02:38]} 14. O-O-O {[%clk 01:06:39]} {[%emt 00:01:18]} Nxg2
{[%clk 00:35:58]} {[%emt 00:03:30]} 15. Bxh6 {[%clk 01:05:19]} {[%emt
00:01:50]} Bxh6 {[%clk 00:33:41]} {[%emt 00:02:48]} 16. Qxh6 {[%clk 01:05:33]}
{[%emt 00:00:14]} Qf6 {[%clk 00:33:34]} {[%emt 00:00:37]} 17. Ng5 {[%clk
01:03:31]} {[%emt 00:02:33]} Qg7 {[%clk 00:33:19]} {[%emt 00:00:45]} 18. Qxg7+
{[%clk 01:03:38]} {[%emt 00:00:22]} Kxg7 {[%clk 00:33:47]} {[%emt 00:00:02]}
19. Nb5 {[%clk 01:03:00]} {[%emt 00:01:08]} Na6 {[%clk 00:33:07]} {[%emt
00:01:10]} 20. Nf3 {[%clk 00:37:03]} {[%emt 00:26:26]} Rh8 {[%clk 00:31:19]}
{[%emt 00:02:19]} 21. c5 {[%clk 00:36:10]} {[%emt 00:01:24]} Nxc5 {[%clk
00:21:00]} {[%emt 00:10:48]} 22. Nxc7 {[%clk 00:36:11]} {[%emt 00:00:28]} Rb8
{[%clk 00:20:18]} {[%emt 00:01:14]} 23. Nb5 {[%clk 00:35:00]} {[%emt 00:05:42]}
Rd8 {[%clk 00:13:22]} {[%emt 00:03:26]} 24. Nd2 {[%clk 00:32:12]} {[%emt
00:03:17]} Kf6 {[%clk 00:12:29]} {[%emt 00:01:23]} 25. Nc4 {[%clk 00:31:30]}
{[%emt 00:01:12]} Ke7 {[%clk 00:11:58]} {[%emt 00:01:01]} 26. b3 {[%clk
00:28:19]} {[%emt 00:03:42]} b6 {[%clk 00:06:47]} {[%emt 00:05:42]} 27. h4
{[%clk 00:22:24]} {[%emt 00:06:24]} Nf4 {[%clk 00:06:53]} {[%emt 00:00:24]} 28.
f3 {[%clk 00:19:24]} {[%emt 00:03:30]} Rd7 {[%clk 00:06:14]} {[%emt 00:01:08]}
29. Kd2 {[%clk 00:17:45]} {[%emt 00:02:09]} Ba6 {[%clk 00:06:09]} {[%emt
00:00:35]} 30. Rdg1 {[%clk 00:17:24]} {[%emt 00:00:50]} Bxb5 {[%clk 00:04:28]}
{[%emt 00:02:12]} 31. axb5 {[%clk 00:17:46]} {[%emt 00:00:08]} Rdd8 {[%clk
00:03:23]} {[%emt 00:01:35]} 32. Ra1 {[%clk 00:15:13]} {[%emt 00:03:03]} Rb7
{[%clk 00:03:11]} {[%emt 00:00:42]} 33. Ke3 {[%clk 00:10:20]} {[%emt 00:05:23]}
Rh8 {[%clk 00:03:12]} {[%emt 00:00:30]} 34. Kf2 {[%clk 00:08:49]} {[%emt
00:01:59]} Rc8 {[%clk 00:03:23]} {[%emt 00:00:20]} 35. Ke3 {[%clk 00:07:51]}
{[%emt 00:01:29]} Ng2+ {[%clk 00:03:08]} {[%emt 00:03:57]} 36. Kf2 {[%clk
00:07:59]} Nf4 {[%clk 00:03:38]} 37. Ke3 {[%clk 00:08:20]} Kd7 {[%clk
00:03:20]} 38. Rag1 {[%clk 00:06:52]} {[%emt 00:00:16]} Rh8 {[%clk 00:01:54]}
{[%emt 00:01:44]} 39. Rg4 {[%clk 00:06:04]} {[%emt 00:01:17]} Rc8 {[%clk
00:01:50]} {[%emt 00:00:34]} 40. Ra1 {[%clk 00:02:59]} {[%emt 00:03:35]} Ke7
{[%clk 00:00:56]} {[%emt 00:01:24]} 41. Rgg1 {[%clk 00:27:40]} {[%emt
00:05:49]} Rh8 {[%clk 00:26:53]} {[%emt 00:04:33]} 42. Rg4 {[%clk 00:23:57]}
{[%emt 00:04:14]} Kd7 {[%clk 00:25:20]} {[%emt 00:02:03]} 43. Rag1 {[%clk
00:22:13]} {[%emt 00:02:13]} Kc7 {[%clk 00:24:51]} {[%emt 00:01:00]} 44. Ra1
{[%clk 00:22:10]} {[%emt 00:00:31]} Rbb8 {[%clk 00:23:40]} {[%emt 00:01:42]}
45. Nb2 {[%clk 00:18:42]} {[%emt 00:03:58]} Rh7 {[%clk 00:22:24]} {[%emt
00:01:46]} 46. Na4 {[%clk 00:17:52]} {[%emt 00:01:20]} Rhh8 {[%clk 00:14:25]}
{[%emt 00:08:29]} 47. Nxc5 {[%clk 00:15:50]} {[%emt 00:02:33]} dxc5 {[%clk
00:12:26]} {[%emt 00:02:29]} 48. Rh1 {[%clk 00:15:14]} {[%emt 00:01:05]} Kd6
{[%clk 00:12:26]} {[%emt 00:00:30]} 49. Bd3 {[%clk 00:13:53]} {[%emt 00:01:52]}
Rh7 {[%clk 00:12:17]} {[%emt 00:00:39]} 50. Rxf4 {[%clk 00:10:17]} {[%emt
00:04:06]} exf4+ {[%clk 00:12:37]} {[%emt 00:00:10]} 51. Kxf4 {[%clk 00:10:41]}
{[%emt 00:00:06]} Rh5 {[%clk 00:06:59]} {[%emt 00:06:08]} 52. Kg4 {[%clk
00:09:48]} {[%emt 00:01:23]} Rbh8 {[%clk 00:01:26]} {[%emt 00:06:04]} 53. f4
{[%clk 00:09:28]} {[%emt 00:00:49]} f5+ {[%clk 00:01:41]} {[%emt 00:00:16]} 54.
exf5 {[%clk 00:09:39]} {[%emt 00:00:18]} gxf5+ {[%clk 00:01:58]} {[%emt
00:00:13]} 55. Bxf5 {[%clk 00:09:55]} {[%emt 00:00:14]} a4 {[%clk 00:01:34]}
{[%emt 00:00:55]} 56. bxa4 {[%clk 00:09:21]} {[%emt 00:01:03]} Kxd5 {[%clk
00:01:57]} {[%emt 00:00:07]} 57. Bg6 {[%clk 00:09:23]} {[%emt 00:00:26]} R5h6
{[%clk 00:01:49]} {[%emt 00:00:40]} 58. Kg5 {[%clk 00:09:43]} {[%emt 00:00:10]}
c4 {[%clk 00:00:36]} {[%emt 00:01:43]} 59. h5 {[%clk 00:08:04]} {[%emt
00:02:08]} Kd4 {[%clk 00:00:52]} {[%emt 00:00:15]} 60. f5 {[%clk 00:05:02]}
{[%emt 00:03:32]} Kd3 {[%clk 00:00:39]} {[%emt 00:00:43]} 61. f6+ {[%clk
00:04:51]} {[%emt 00:00:41]} Kd2 {[%clk 00:01:03]} {[%emt 00:00:07]} 62. f7
{[%clk 00:04:09]} {[%emt 00:01:12]} c3 {[%clk 00:01:26]} {[%emt 00:00:06]} 63.
Rh2+ {[%clk 00:03:12]} {[%emt 00:01:28]} Kd1 {[%clk 00:01:39]} {[%emt
00:00:17]} 64. Kf6 {[%clk 00:02:42]} {[%emt 00:00:59]} Rxg6+ {[%clk 00:01:00]}
{[%emt 00:01:10]} 65. Kxg6 {[%clk 00:03:02]} {[%emt 00:00:09]} c2 {[%clk
00:01:12]} {[%emt 00:00:19]} 66. Rxc2 {[%clk 00:03:16]} {[%emt 00:00:16]} Kxc2
{[%clk 00:01:33]} {[%emt 00:00:10]} 67. h6 {[%clk 00:03:40]} {[%emt 00:00:06]}
1-0

[Event "ODJM A 2024"]
[Site "Willingen GER"]
[Date "2024.05.22"]
[Round "6"]
[White "Kamp, Adrian"]
[Black "Drygala, Lars"]
[Result "1-0"]
[Termination "normal"]
[Board "7"]
[WhiteElo "2098"]
[BlackElo "1994"]
[WhiteClock "00:54:42"]
[BlackClock "01:10:41"]
[PlyCount "48"]
[WhiteFideId "16222466"]
[BlackFideId "34617779"]
[EventCountry "GER"]
[EventRounds "9"]
[EventType "swiss"]
[EventDate "2024.05.18"]

1. e4 {[%clk 01:30:32]} {[%emt 00:00:27]} e6 {[%clk 01:30:46]} {[%emt
00:00:14]} 2. d4 {[%clk 01:30:41]} {[%emt 00:00:22]} d5 {[%clk 01:31:09]}
{[%emt 00:00:06]} 3. Nd2 {[%clk 01:30:59]} {[%emt 00:00:12]} dxe4 {[%clk
01:31:10]} {[%emt 00:00:30]} 4. Nxe4 {[%clk 01:31:12]} {[%emt 00:00:17]} Nf6
{[%clk 01:28:52]} {[%emt 00:02:48]} 5. Nxf6+ {[%clk 01:31:09]} {[%emt
00:00:33]} gxf6 {[%clk 01:29:10]} {[%emt 00:00:12]} 6. Nf3 {[%clk 01:30:54]}
{[%emt 00:00:44]} Nc6 {[%clk 01:29:32]} {[%emt 00:00:08]} 7. Bf4 {[%clk
01:28:51]} {[%emt 00:02:33]} e5 {[%clk 01:29:54]} {[%emt 00:00:09]} 8. Be3
{[%clk 01:20:14]} {[%emt 00:09:06]} Bg4 {[%clk 01:25:36]} {[%emt 00:04:47]} 9.
d5 {[%clk 01:08:54]} {[%emt 00:11:51]} Nb4 {[%clk 01:25:12]} {[%emt 00:00:53]}
10. Bb5+ {[%clk 01:08:19]} {[%emt 00:01:06]} c6 {[%clk 01:25:29]} {[%emt
00:00:13]} 11. dxc6 {[%clk 01:08:30]} {[%emt 00:00:19]} bxc6 {[%clk 01:23:51]}
{[%emt 00:02:08]} 12. Qxd8+ {[%clk 01:07:35]} {[%emt 00:01:25]} Rxd8 {[%clk
01:24:01]} {[%emt 00:00:20]} 13. Ba4 {[%clk 01:07:59]} {[%emt 00:00:06]} Bf5
{[%clk 01:19:22]} {[%emt 00:05:09]} 14. Rc1 {[%clk 01:03:34]} {[%emt 00:04:54]}
Nxa2 {[%clk 01:16:51]} {[%emt 00:03:02]} 15. Bxc6+ {[%clk 01:03:34]} {[%emt
00:00:30]} Ke7 {[%clk 01:17:07]} {[%emt 00:00:14]} 16. Ra1 {[%clk 01:02:22]}
{[%emt 00:01:41]} Bxc2 {[%clk 01:14:43]} {[%emt 00:02:54]} 17. O-O {[%clk
01:01:11]} {[%emt 00:01:42]} Bb3 {[%clk 01:11:21]} {[%emt 00:03:51]} 18. Nd2
{[%clk 00:59:11]} {[%emt 00:02:29]} Be6 {[%clk 01:11:02]} {[%emt 00:00:49]} 19.
Bc5+ {[%clk 00:59:31]} {[%emt 00:00:11]} Rd6 {[%clk 01:09:57]} {[%emt
00:01:36]} 20. Ne4 {[%clk 00:59:29]} {[%emt 00:00:31]} Kd8 {[%clk 01:10:02]}
{[%emt 00:00:25]} 21. Nxd6 {[%clk 00:58:28]} {[%emt 00:01:31]} Kc7 {[%clk
01:10:14]} {[%emt 00:00:19]} 22. Ne8+ {[%clk 00:54:00]} {[%emt 00:04:58]} Kxc6
{[%clk 01:10:36]} {[%emt 00:00:08]} 23. Bxf8 {[%clk 00:54:25]} {[%emt
00:00:04]} Rxf8 {[%clk 01:10:41]} {[%emt 00:00:25]} 24. Nxf6 {[%clk 00:54:42]}
{[%emt 00:00:13]} Rg8 {[%emt 00:01:17]} 1-0

[Event "ODJM A 2024"]
[Site "Willingen GER"]
[Date "2024.05.22"]
[Round "6"]
[White "Bock, Marlon"]
[Black "Kliashtornyi, Arkadii"]
[Result "1/2-1/2"]
[Termination "normal"]
[Board "8"]
[WhiteElo "2049"]
[BlackElo "1968"]
[WhiteClock "00:42:30"]
[BlackClock "00:13:23"]
[PlyCount "62"]
[WhiteFideId "16244931"]
[BlackFideId "34119698"]
[EventCountry "GER"]
[EventRounds "9"]
[EventType "swiss"]
[EventDate "2024.05.18"]

1. d4 {[%clk 01:30:58]} d5 {[%clk 01:30:55]} {[%emt 00:00:06]} 2. c4 {[%clk
01:31:24]} {[%emt 00:00:04]} e6 {[%clk 01:31:21]} {[%emt 00:00:04]} 3. Nc3
{[%clk 01:31:48]} {[%emt 00:00:05]} Nf6 {[%clk 01:31:47]} {[%emt 00:00:04]} 4.
cxd5 {[%clk 01:32:12]} {[%emt 00:00:07]} exd5 {[%clk 01:32:14]} {[%emt
00:00:03]} 5. Bg5 {[%clk 01:32:34]} {[%emt 00:00:07]} c6 {[%clk 01:32:35]}
{[%emt 00:00:09]} 6. e3 {[%clk 01:32:57]} {[%emt 00:00:07]} h6 {[%clk
01:33:01]} {[%emt 00:00:05]} 7. Bh4 {[%clk 01:33:01]} {[%emt 00:00:26]} Be7
{[%clk 01:33:24]} {[%emt 00:00:07]} 8. Bd3 {[%clk 01:33:14]} {[%emt 00:00:16]}
O-O {[%clk 01:33:47]} {[%emt 00:00:08]} 9. Qc2 {[%clk 01:33:32]} {[%emt
00:00:12]} Re8 {[%clk 01:33:01]} {[%emt 00:01:15]} 10. Nge2 {[%clk 01:33:49]}
{[%emt 00:00:13]} Nbd7 {[%clk 01:32:33]} {[%emt 00:00:59]} 11. O-O {[%clk
01:33:49]} {[%emt 00:00:29]} a5 {[%clk 01:32:54]} {[%emt 00:00:09]} 12. a4
{[%clk 01:31:52]} {[%emt 00:02:27]} Nb8 {[%clk 01:33:17]} {[%emt 00:00:07]} 13.
Rac1 {[%clk 01:27:42]} {[%emt 00:04:40]} Na6 {[%clk 01:32:24]} {[%emt
00:01:23]} 14. Na2 {[%clk 01:25:11]} {[%emt 00:03:01]} Ne4 {[%clk 01:08:07]}
{[%emt 00:24:47]} 15. Bxe7 {[%clk 01:21:58]} {[%emt 00:03:43]} Qxe7 {[%clk
01:01:36]} {[%emt 00:07:01]} 16. Rce1 {[%clk 01:20:53]} {[%emt 00:01:34]} Nd6
{[%clk 00:58:40]} {[%emt 00:03:26]} 17. Ng3 {[%clk 01:17:38]} {[%emt 00:03:45]}
Qf6 {[%clk 00:54:11]} {[%emt 00:04:59]} 18. f3 {[%clk 01:14:20]} {[%emt
00:03:48]} Bd7 {[%clk 00:52:13]} {[%emt 00:02:29]} 19. Qc3 {[%clk 01:10:03]}
{[%emt 00:04:47]} c5 {[%clk 00:43:57]} {[%emt 00:08:46]} 20. dxc5 {[%clk
01:00:32]} {[%emt 00:10:00]} Qxc3 {[%clk 00:44:21]} {[%emt 00:00:06]} 21. Nxc3
{[%clk 01:00:58]} {[%emt 00:00:04]} Nxc5 {[%clk 00:44:42]} {[%emt 00:00:09]}
22. Bc2 {[%clk 01:01:11]} {[%emt 00:00:16]} Bc6 {[%clk 00:43:21]} {[%emt
00:01:52]} 23. Kf2 {[%clk 00:55:01]} {[%emt 00:06:40]} Nc4 {[%clk 00:39:07]}
{[%emt 00:04:45]} 24. b3 {[%clk 00:52:56]} {[%emt 00:02:34]} Nd2 {[%clk
00:34:50]} {[%emt 00:04:46]} 25. Rg1 {[%clk 00:53:03]} {[%emt 00:00:23]} Ndxb3
{[%clk 00:34:15]} {[%emt 00:01:07]} 26. Rb1 {[%clk 00:47:01]} {[%emt 00:06:31]}
Nd2 {[%clk 00:33:21]} {[%emt 00:01:24]} 27. Rbd1 {[%clk 00:47:13]} {[%emt
00:00:17]} Nc4 {[%clk 00:25:40]} {[%emt 00:08:10]} 28. Nxd5 {[%clk 00:44:36]}
{[%emt 00:03:07]} Rad8 {[%clk 00:22:11]} {[%emt 00:03:58]} 29. Ne7+ {[%clk
00:42:48]} {[%emt 00:02:18]} Kf8 {[%clk 00:19:28]} {[%emt 00:03:13]} 30. Nxc6
{[%clk 00:43:11]} {[%emt 00:04:35]} bxc6 {[%clk 00:17:40]} {[%emt 00:00:06]}
31. Ne4 {[%clk 00:42:30]} {[%emt 00:00:08]} Nxe4+ {[%clk 00:13:23]} {[%emt
00:03:35]} 1/2-1/2

[Event "ODJM A 2024"]
[Site "Willingen GER"]
[Date "2024.05.22"]
[Round "6"]
[White "Meiwes, Thore"]
[Black "Langner, Jasper"]
[Result "1/2-1/2"]
[Termination "normal"]
[Board "9"]
[WhiteElo "2050"]
[BlackElo "1999"]
[WhiteClock "00:01:53"]
[BlackClock "00:22:11"]
[PlyCount "84"]
[WhiteFideId "16201256"]
[BlackFideId "16202554"]
[EventCountry "GER"]
[EventRounds "9"]
[EventType "swiss"]
[EventDate "2024.05.18"]

1. d4 {[%clk 01:30:59]} d5 {[%clk 01:30:51]} {[%emt 00:00:08]} 2. Nf3 {[%clk
01:31:25]} {[%emt 00:00:06]} Nf6 {[%clk 01:31:13]} {[%emt 00:00:06]} 3. Bf4
{[%clk 01:31:51]} {[%emt 00:00:05]} e6 {[%clk 01:30:49]} {[%emt 00:00:54]} 4.
e3 {[%clk 01:32:15]} {[%emt 00:00:07]} c5 {[%clk 01:31:16]} {[%emt 00:00:02]}
5. Nbd2 {[%clk 01:32:36]} {[%emt 00:00:09]} Nc6 {[%clk 01:31:39]} {[%emt
00:00:06]} 6. c3 {[%clk 01:33:01]} {[%emt 00:00:06]} cxd4 {[%clk 01:31:59]}
{[%emt 00:00:09]} 7. exd4 {[%clk 01:33:24]} {[%emt 00:00:08]} Nh5 {[%clk
01:32:24]} {[%emt 00:00:05]} 8. Be3 {[%clk 01:33:48]} {[%emt 00:00:06]} Bd6
{[%clk 01:32:49]} {[%emt 00:00:05]} 9. Bd3 {[%clk 01:34:12]} {[%emt 00:00:06]}
Nf4 {[%clk 01:33:04]} {[%emt 00:00:15]} 10. Bxf4 {[%clk 01:34:39]} {[%emt
00:00:03]} Bxf4 {[%clk 01:33:24]} {[%emt 00:00:09]} 11. O-O {[%clk 01:34:41]}
{[%emt 00:00:29]} O-O {[%clk 01:32:35]} {[%emt 00:01:18]} 12. g3 {[%clk
01:35:01]} {[%emt 00:00:11]} Bd6 {[%clk 01:33:00]} {[%emt 00:00:05]} 13. Re1
{[%clk 01:35:26]} {[%emt 00:00:05]} Bd7 {[%clk 01:30:54]} {[%emt 00:02:34]} 14.
a3 {[%clk 01:35:49]} {[%emt 00:00:09]} Rc8 {[%clk 01:26:31]} {[%emt 00:04:53]}
15. Ne5 {[%clk 01:33:11]} {[%emt 00:03:08]} g6 {[%clk 01:14:33]} {[%emt
00:12:27]} 16. h4 {[%clk 01:29:56]} {[%emt 00:03:46]} f6 {[%clk 01:10:01]}
{[%emt 00:05:01]} 17. Nxd7 {[%clk 01:29:42]} {[%emt 00:00:44]} Qxd7 {[%clk
01:10:26]} {[%emt 00:00:05]} 18. h5 {[%clk 01:29:39]} {[%emt 00:00:34]} Kg7
{[%clk 00:55:35]} {[%emt 00:15:19]} 19. Qg4 {[%clk 01:21:05]} {[%emt 00:09:06]}
f5 {[%clk 00:55:41]} {[%emt 00:00:23]} 20. Qe2 {[%clk 01:19:51]} {[%emt
00:01:44]} Rce8 {[%clk 00:54:01]} {[%emt 00:02:10]} 21. hxg6 {[%clk 01:06:31]}
{[%emt 00:13:52]} hxg6 {[%clk 00:53:00]} {[%emt 00:01:31]} 22. Nf3 {[%clk
01:06:59]} {[%emt 00:00:01]} a6 {[%clk 00:43:21]} {[%emt 00:10:09]} 23. Ne5
{[%clk 01:04:04]} {[%emt 00:03:26]} Nxe5 {[%clk 00:39:49]} {[%emt 00:03:59]}
24. dxe5 {[%clk 01:04:27]} {[%emt 00:00:09]} Bc5 {[%clk 00:40:12]} {[%emt
00:00:05]} 25. Kg2 {[%clk 00:58:21]} {[%emt 00:06:37]} f4 {[%clk 00:29:14]}
{[%emt 00:11:28]} 26. Qg4 {[%clk 00:52:32]} {[%emt 00:06:20]} f3+ {[%clk
00:29:27]} {[%emt 00:00:16]} 27. Kg1 {[%clk 00:52:45]} {[%emt 00:00:17]} Qf7
{[%clk 00:29:39]} {[%emt 00:00:17]} 28. b4 {[%clk 00:44:30]} {[%emt 00:08:46]}
Rh8 {[%clk 00:17:21]} {[%emt 00:12:49]} 29. bxc5 {[%clk 00:38:56]} {[%emt
00:06:05]} Rh6 {[%clk 00:17:48]} {[%emt 00:00:01]} 30. Be2 {[%clk 00:39:13]}
{[%emt 00:00:14]} fxe2 {[%clk 00:18:09]} {[%emt 00:00:07]} 31. f4 {[%clk
00:37:53]} {[%emt 00:01:52]} Reh8 {[%clk 00:18:12]} {[%emt 00:00:27]} 32. Kg2
{[%clk 00:35:37]} {[%emt 00:02:46]} Rh2+ {[%clk 00:17:39]} {[%emt 00:01:02]}
33. Kf3 {[%clk 00:35:46]} {[%emt 00:00:16]} d4 {[%clk 00:16:48]} {[%emt
00:01:28]} 34. cxd4 {[%clk 00:31:10]} {[%emt 00:05:06]} Qd7 {[%clk 00:16:47]}
{[%emt 00:00:30]} 35. Qg5 {[%clk 00:26:42]} {[%emt 00:04:58]} Qd5+ {[%clk
00:12:41]} {[%emt 00:04:35]} 36. Kg4 {[%clk 00:26:18]} {[%emt 00:00:55]} R8h4+
{[%clk 00:11:00]} {[%emt 00:02:10]} 37. Qxh4 {[%clk 00:26:30]} {[%emt
00:00:19]} Rxh4+ {[%clk 00:11:27]} {[%emt 00:00:04]} 38. Kxh4 {[%clk 00:26:34]}
{[%emt 00:00:25]} Qf3 {[%clk 00:05:47]} {[%emt 00:06:10]} 39. Kh3 {[%clk
00:26:47]} {[%emt 00:00:17]} Kh6 {[%clk 00:06:09]} {[%emt 00:00:07]} 40. Rab1
{[%clk 00:07:31]} {[%emt 00:21:20]} Qe4 {[%clk 00:01:32]} {[%emt 00:03:33]} 41.
Rb2 {[%clk 00:03:20]} {[%emt 00:04:41]} Qxd4 {[%clk 00:00:40]} {[%emt
00:01:23]} 42. Rexe2 {[%clk 00:01:53]} {[%emt 00:01:56]} Qd5 {[%clk 00:22:11]}
{[%emt 00:08:59]} 1/2-1/2